Cost accounting / (Record no. 27446)

MARC details
000 -LEADER
fixed length control field 00920nam a2200265 a 4500
005 - DATE AND TIME OF LATEST TRANSACTION
control field 20090615114013.0
008 - FIXED-LENGTH DATA ELEMENTS--GENERAL INFORMATION
fixed length control field 060724s2005 ii b 101 0 eng
010 ## - LCCN (DPL NO)
LC control number ENG-93997
020 ## - INTERNATIONAL STANDARD BOOK NUMBER
International Standard Book Number 9780070087750
Terms of availability 199.00
020 ## - INTERNATIONAL STANDARD BOOK NUMBER
International Standard Book Number 007008775X
Terms of availability 199.00
035 ## - SYSTEM CONTROL NUMBER
System control number EN-77530
037 ## - SOURCE OF ACQUISITION
Source of stock number/acquisition DBAD / PUB
040 ## - CATALOGING SOURCE
Original cataloging agency dpl
Language of cataloging English
082 ## - DEWEY DECIMAL CLASSIFICATION NUMBER
Classification number 657.42
100 ## - MAIN ENTRY--PERSONAL NAME
Personal name Murthy, A.
245 ## - TITLE STATEMENT
Title Cost accounting /
Statement of responsibility, etc by A. Murthy [and] S. Gurusamy
250 ## - EDITION STATEMENT
Edition statement 2nd ed.
260 ## - PUBLICATION, DISTRIBUTION, ETC. (IMPRINT)
Place of publication, distribution, etc New Delhi
Name of publisher, distributor, etc Tata McGraw-Hill Publishing
Date of publication, distribution, etc 2009
270 ## - ADDRESS
Address 7 West Patel Nagar
City New Delhi
Postal code 110008
300 ## - PHYSICAL DESCRIPTION
Extent Various pagings
Dimensions 23cm(pbk)
650 ## - SUBJECT ADDED ENTRY--TOPICAL TERM
Topical term or geographic name as entry element Cost accounting
700 ## - ADDED ENTRY--PERSONAL NAME
Personal name Gurusamy, S.
942 ## - ADDED ENTRY ELEMENTS (KOHA)
Source of classification or shelving scheme Dewey Decimal Classification
Item type English Books
Call number suffix MUR
Classification part 657.42
Holdings
Withdrawn status Lost status Source of classification or shelving scheme Damaged status Not for loan Collection code Home library Current library Date acquired Source of acquisition Cost, normal purchase price Total Checkouts Full call number Barcode Date last seen Copy number Cost, replacement price Koha item type
    Dewey Decimal Classification   Not For Loan Non-fiction D.B.Act.Division D.B.Act.Division 15/06/2009 DBAD / PUB 199.00   657.42 MUR EN-77530 15/06/2009 1 199.00 English Books

© Delhi Public Library
Hit Counter
free hit counter